
Library Catalogue

| 000 -LEADER | |
|---|---|
| fixed length control field | 01167nam a2200217Ia 4500 |
| 003 - CONTROL NUMBER IDENTIFIER | |
| control field | OSt |
| 005 - DATE AND TIME OF LATEST TRANSACTION | |
| control field | 20210412104957.0 |
| 008 - FIXED-LENGTH DATA ELEMENTS--GENERAL INFORMATION | |
| fixed length control field | 160316s2005 xxu||||| |||| 00| 0 eng d |
| 040 ## - CATALOGING SOURCE | |
| Transcribing agency | n |
| 082 ## - DEWEY DECIMAL CLASSIFICATION NUMBER | |
| Classification number | 346.030000 |
| Item number | LOW |
| 100 ## - MAIN ENTRY--PERSONAL NAME | |
| Personal name | Lowther Jason |
| 245 ## - TITLE STATEMENT | |
| Title | Torts 2009 - 2010 |
| 250 ## - EDITION STATEMENT | |
| Edition statement | 3rd |
| 260 ## - PUBLICATION, DISTRIBUTION, ETC. | |
| Place of publication, distribution, etc. | London |
| Name of publisher, distributor, etc. | Cavendish Publishing Ltd. |
| Date of publication, distribution, etc. | 2005 |
| 300 ## - PHYSICAL DESCRIPTION | |
| Extent | 225p |
| Dimensions | xxviii |
| 365 ## - TRADE PRICE | |
| Price amount | Gratis |
| 505 ## - FORMATTED CONTENTS NOTE | |
| Formatted contents note | Contents: <br/>PREFACE ;<br/>TABLE OF CASES;<br/>TABLE OF LEGISLATION;<br/>INTRODUCTION;<br/>CHAPTER 1 VICARIOUS LIABILITY;<br/>CHAPTER 2 NEGLIGENCE;<br/>DUTY OF CARE GENERALLY AND RESTRICTED SITUATIONS;<br/>CHAPTER 3 NEGLIGENCE;<br/>BREACH, CAUSATION AND REMOTENESS OF DAMAGE;<br/>CHAPTER 4 BREACH OF STATUTORY DUTY;<br/>CHAPTER 5 EMPLOYER'S LIABILITY;<br/>CHAPTER 6 PRODUCT LIABILITY;<br/>CHAPTER 7 OCCUPIERS' LIABILITY;<br/>CHAPTER 8 NUISANCE;<br/>CHAPTER 9 THE RULE IN RYLANDS V FLETCHER AND FIRE;<br/>CHAPTER 10 ANIMALS;<br/>CHAPTER 11 DEFAMATION AND PRIVACY;<br/>CHAPTER 12 TRESPASS TO THE PERSON, TO LAND AND TO GOODS;<br/>CHAPTER 13 ECONOMIC TORTS;<br/>CHAPTER 14 REMEDIES AND HUMAN RIGHTS;<br/>CHAPTER 15 GENERAL DEFENCES;<br/>INDEX. |
| 650 ## - SUBJECT ADDED ENTRY--TOPICAL TERM | |
| Topical term or geographic name entry element | 1. Tort Law - U K |
| 700 ## - ADDED ENTRY--PERSONAL NAME | |
| Personal name | |
| -- | |
| 942 ## - ADDED ENTRY ELEMENTS (KOHA) | |
| Source of classification or shelving scheme | Dewey Decimal Classification |
| Koha item type | BOOKs |
| Withdrawn status | Lost status | Damaged status | Not for loan | Home library | Current library | Shelving location | Date acquired | Total Checkouts | Full call number | Barcode | Date last seen | Price effective from | Koha item type |
|---|---|---|---|---|---|---|---|---|---|---|---|---|---|
| NLS | NLS | Library Compactors | 30/05/2017 | 346.03 LOW | 31747 | 30/05/2017 | 30/05/2017 | BOOKs |